[Event "FIN-chT 2022"]
[Site "Finland"]
[Date "2021.12.11"]
[Round "6.7"]
[White "Tiitta, Sauli"]
[Black "Paldanius, Pekka"]
[Result "1-0"]
[WhiteElo "2185"]
[BlackElo "2208"]
[PlyCount "39"]
[EventDate "2020.09.12"]
[EventType "team-tourn"]
[EventRounds "11"]
[EventCountry "FIN"]
[SourceTitle "EXT 2023"]
[Source "ChessBase"]
[SourceDate "2022.10.05"]
[SourceVersion "1"]
[SourceVersionDate "2022.10.05"]
[SourceQuality "1"]
[WhiteTeam "Espoo MatSK"]
[BlackTeam "Sastamala VammSK"]
[WhiteTeamCountry "FIN"]
[BlackTeamCountry "FIN"]

1. c4 e6 2. Nc3 d5 3. d4 Be7 4. Bf4 Nf6 5. e3 0-0 6. Rc1 c6 7. Nf3 Nbd7 8. cxd5 exd5 9. Bd3 Re8 10. 0-0 Nf8 11. Ne5 Ng6 12. Bg3 Bb4 13. f4 Bxc3 14. Rxc3 Ne4 15. Bxe4 dxe4 16. Qh5 Nxe5 17. fxe5 Be6 18. Rf4 Bd5 19. Bh4 Qd7 20. Bf6 1-0

[Event "FIN-chT2 Gp4 1819"]
[Site "Finland"]
[Date "2019.01.12"]
[Round "5.2"]
[White "Paldanius, Pekka"]
[Black "Hakala, Jani"]
[Result "1-0"]
[WhiteElo "2219"]
[BlackElo "1895"]
[PlyCount "47"]
[EventDate "2018.09.15"]
[EventType "team-tourn"]
[EventRounds "6"]
[EventCountry "FIN"]
[SourceTitle "EXT 2020"]
[Source "ChessBase"]
[SourceDate "2019.10.17"]
[SourceVersion "1"]
[SourceVersionDate "2019.10.17"]
[SourceQuality "1"]
[WhiteTeam "Tampere SK"]
[BlackTeam "Tampere Tammer III"]
[WhiteTeamCountry "FIN"]
[BlackTeamCountry "FIN"]

1. d4 Nf6 2. Nf3 b6 3. g3 Bb7 4. Bg2 e6 5. 0-0 d5 6. b3 Nbd7 7. c4 c5 8. cxd5 Nxd5 9. Bb2 N7f6 10. Nbd2 cxd4 11. Nxd4 Be7 12. Rc1 Rc8 13. Nc4 h5 14. e4 Nb4 15. a3 Nc6 16. Nb5 0-0 17. Nbd6 Rc7 18. Nxb7 Rxb7 19. e5 Rd7 20. exf6 Rxd1 21. Rfxd1 Qe8 22. Bxc6 Qxc6 23. fxe7 Re8 24. Nd6 1-0

[Event "FIN-chT2 Gp3 1718"]
[Site "Finland"]
[Date "2018.03.10"]
[Round "7.2"]
[White "Kaseva, Janne"]
[Black "Paldanius, Pekka"]
[Result "1-0"]
[WhiteElo "1884"]
[BlackElo "2265"]
[PlyCount "157"]
[EventDate "2017.09.16"]
[EventType "team-tourn"]
[EventRounds "7"]
[EventCountry "FIN"]
[SourceTitle "EXT 2020"]
[Source "ChessBase"]
[SourceDate "2019.10.17"]
[SourceVersion "1"]
[SourceVersionDate "2019.10.17"]
[SourceQuality "1"]
[WhiteTeam "Loimaa SK"]
[BlackTeam "Tampere SK"]
[WhiteTeamCountry "FIN"]
[BlackTeamCountry "FIN"]

1. Nf3 d5 2. c4 d4 3. e3 c5 4. b4 Nc6 5. b5 Nb8 6. Bb2 dxe3 7. fxe3 Nf6 8. Be2 e6 9. 0-0 Be7 10. Qc2 Nbd7 11. Nc3 0-0 12. Rad1 b6 13. d4 Bb7 14. Ne5 cxd4 15. exd4 Qc7 16. Nc6 Bd6 17. h3 e5 18. dxe5 Bxe5 19. Nd5 Nxd5 20. cxd5 Qd6 21. Rf3 Bxb2 22. Qxb2 a6 23. a4 axb5 24. axb5 Rfe8 25. Bd3 Ne5 26. Rg3 g6 27. Qb4 Qxb4 28. Nxb4 Nd7 29. Nc6 Nc5 30. Rf3 Bc8 31. Bc4 Re4 32. Bd3 Re8 33. Rdf1 f5 34. Bc4 Ra4 35. Rc1 Kg7 36. d6 Bd7 37. Bd5 Kf6 38. Kh2 h5 39. Rxc5 bxc5 40. b6 Rd4 41. Nxd4 cxd4 42. Rb3 Ke5 43. Bf7 Rb8 44. Bxg6 h4 45. Rb4 Bc6 46. Bh5 f4 47. Bf3 Bxf3 48. gxf3 d3 49. d7 d2 50. Re4+ Kd6 51. Rd4+ Ke7 52. Rxd2 Kd8 53. Rd6 Ra8 54. b7 Ra2+ 55. Kg1 Rb2 56. Rd4 Rxb7 57. Rxf4 Rxd7 58. Rxh4 Rd2 59. Re4 Ra2 60. h4 Kd7 61. h5 Ra5 62. Rh4 Ke6 63. Kf2 Kf6 64. f4 Ra3 65. h6 Ra8 66. Kf3 Kg6 67. h7 Rh8 68. Ke4 Kf6 69. f5 Kg5 70. Rh1 Kf6 71. Kf4 Kg7 72. Ke5 Kf7 73. f6 Re8+ 74. Kf5 Rh8 75. Rb1 Rxh7 76. Rb7+ Kg8 77. Rxh7 Kxh7 78. Ke6 Kg8 79. Ke7 1-0

[Event "FIN-chT2 Gp3 1718"]
[Site "Finland"]
[Date "2018.01.13"]
[Round "5.2"]
[White "Kapanen, Konstantin"]
[Black "Paldanius, Pekka"]
[Result "1-0"]
[WhiteElo "2057"]
[BlackElo "2265"]
[PlyCount "97"]
[EventDate "2017.09.16"]
[EventType "team-tourn"]
[EventRounds "7"]
[EventCountry "FIN"]
[SourceTitle "EXT 2020"]
[Source "ChessBase"]
[SourceDate "2019.10.17"]
[SourceVersion "1"]
[SourceVersionDate "2019.10.17"]
[SourceQuality "1"]
[WhiteTeam "Turku AS"]
[BlackTeam "Tampere SK"]
[WhiteTeamCountry "FIN"]
[BlackTeamCountry "FIN"]

1. e4 e5 2. Nf3 Nc6 3. d3 Nf6 4. g3 d5 5. Nbd2 Be7 6. Bg2 Bg4 7. 0-0 d4 8. h3 Bh5 9. g4 Bg6 10. Nc4 Nd7 11. a4 h5 12. g5 f6 13. Nh4 Bf7 14. g6 Bxc4 15. dxc4 Nb6 16. Nf5 Bf8 17. Qe2 Ne7 18. c5 Nd7 19. Nh4 Nxc5 20. Qc4 Qd6 21. Qf7+ Kd8 22. b4 Ne6 23. b5 Ng5 24. Qb3 Kc8 25. f4 Ne6 26. Ba3 Qd7 27. fxe5 fxe5 28. Rf7 c5 29. bxc6 bxc6 30. Nf5 c5 31. Qc4 Kd8 32. Bxc5 Rc8 33. Bxe7+ Bxe7 34. Qd5 Re8 35. Qxe5 Rc5 36. Qb8+ Rc8 37. Qb3 Rc3 38. Qd5 Rxc2 39. Qxd7+ Kxd7 40. Rd1 Rc4 41. Bf1 Rc7 42. Bb5+ Kd8 43. Bxe8 Kxe8 44. Nxg7+ Nxg7 45. Rxg7 Rc4 46. Rb1 Rc7 47. Rb8+ Kd7 48. Rxe7+ Kxe7 49. g7 1-0

[Event "FIN-chT2 Gp3 1617"]
[Site "Finland"]
[Date "2017.02.04"]
[Round "6.2"]
[White "Paldanius, Pekka"]
[Black "Maki Franti, Petri"]
[Result "1-0"]
[WhiteElo "2265"]
[BlackElo "1950"]
[PlyCount "95"]
[EventDate "2016.09.17"]
[EventType "team-tourn"]
[EventRounds "6"]
[EventCountry "FIN"]
[SourceTitle "EXT 2019"]
[Source "ChessBase"]
[SourceDate "2018.10.10"]
[SourceVersion "1"]
[SourceVersionDate "2018.10.10"]
[SourceQuality "1"]
[WhiteTeam "Tampere SK"]
[BlackTeam "Tampere Moukat"]
[WhiteTeamCountry "FIN"]
[BlackTeamCountry "FIN"]

1. Nf3 g6 2. c4 d6 3. d4 Nf6 4. Nc3 Nbd7 5. e4 e5 6. Be2 Bg7 7. 0-0 0-0 8. Re1 Re8 9. d5 a5 10. Bf1 Nf8 11. Nd2 Nh5 12. g3 Bd7 13. Be2 Nf6 14. Nf1 Qc8 15. Bf3 Ng4 16. Ne3 Nxe3 17. Bxe3 b6 18. Qc2 f5 19. Rac1 h6 20. Qd2 g5 21. exf5 Bxf5 22. Be4 Ng6 23. Qc2 Rf8 24. Bxf5 Rxf5 25. Nb5 Rf6 26. b3 Nf4 27. f3 Nh5 28. Rf1 Qd7 29. Qe4 Raf8 30. Qg4 Qf7 31. Nxc7 Nf4 32. Bxf4 gxf4 33. Ne6 Rg6 34. Qh3 Re8 35. g4 Qf5 36. Kh1 Qd3 37. Rfe1 h5 38. Nxf4 hxg4 39. Qxg4 Rxg4 40. Nxd3 Rd4 41. Rcd1 Bh6 42. Re4 Rxe4 43. fxe4 Rf8 44. Kg2 Kh7 45. Rf1 Rg8+ 46. Kf2 Rf8+ 47. Ke2 Rg8 48. Rf7+ 1-0

[Event "FIN-ch op"]
[Site "Mantta"]
[Date "2009.08.07"]
[Round "7"]
[White "Alkkiomaki, Jyrki"]
[Black "Paldanius, Pekka"]
[Result "0-1"]
[WhiteElo "2050"]
[BlackElo "2268"]
[PlyCount "82"]
[EventDate "2009.08.03"]
[EventType "swiss"]
[EventRounds "9"]
[EventCountry "FIN"]
[SourceTitle "EXT 2022"]
[Source "ChessBase"]
[SourceDate "2021.10.06"]
[SourceVersion "1"]
[SourceVersionDate "2021.10.06"]
[SourceQuality "1"]

1. e4 e5 2. Nf3 Nc6 3. Bb5 a6 4. Ba4 Nf6 5. 0-0 d6 6. Bxc6+ bxc6 7. d4 exd4 8. Nxd4 c5 9. Nc6 Qd7 10. Na5 Be7 11. c4 0-0 12. Nc3 Rb8 13. Bg5 h6 14. Bf4 Re8 15. Qd2 Bf8 16. Rfe1 Ng4 17. Nd5 c6 18. Ne3 Ne5 19. Rad1 Qc7 20. Bg3 Rb4 21. f4 Ng4 22. a3 Ra4 23. Nb3 Nxe3 24. Rxe3 Rxc4 25. Qd3 d5 26. exd5 Rxe3 27. Qxe3 cxd5 28. Rxd5 Bb7 29. Rd2 Re4 30. Qc3 Qe7 31. Rc2 Re2 32. Rxe2 Qxe2 33. Qd2 Qe4 34. h3 Bd5 35. Na5 Bd6 36. b3 g5 37. Nc4 Bc7 38. Ne3 Bxb3 39. Ng4 Qd4+ 40. Qxd4 cxd4 41. Bf2 d3 0-1

[Event "FIN-chT 0809 qual"]
[Site "Finland"]
[Date "2009.??.??"]
[Round "6.2"]
[White "Paldanius, Pekka"]
[Black "Tuominen, Risto"]
[Result "1-0"]
[WhiteElo "2253"]
[BlackElo "2268"]
[PlyCount "65"]
[EventDate "2009.??.??"]
[EventType "team-match"]
[EventRounds "1"]
[EventCountry "FIN"]
[SourceTitle "EXT 2022"]
[Source "ChessBase"]
[SourceDate "2021.10.06"]
[SourceVersion "1"]
[SourceVersionDate "2021.10.06"]
[SourceQuality "1"]
[WhiteTeam "Tampere Tammer II"]
[BlackTeam "Turku TS"]
[WhiteTeamCountry "FIN"]
[BlackTeamCountry "FIN"]

1. Nf3 d5 2. d4 Nf6 3. c4 dxc4 4. e3 e6 5. Bxc4 a6 6. 0-0 Nbd7 7. Nc3 Be7 8. e4 b5 9. Bd3 b4 10. Na4 c5 11. dxc5 Nxc5 12. Nxc5 Bxc5 13. Qc2 Qb6 14. Bg5 Nd7 15. Rac1 0-0 16. Rfd1 h6 17. Bh4 g5 18. Bg3 Be7 19. Bc7 Qa7 20. e5 Bc5 21. Be4 g4 22. Ne1 Qxc7 23. Bxa8 Qa7 24. Bc6 Bb6 25. Nd3 a5 26. Qd2 Kg7 27. Bxd7 Qxd7 28. Qe2 Qd4 29. Nc5 Qf4 30. Rc4 Qf5 31. Qxg4+ Kh7 32. Qxf5+ exf5 33. Nd7 1-0

[Event "FIN-chT1C 0708 upper"]
[Site "Finland"]
[Date "2008.02.10"]
[Round "5.2"]
[White "Pitkaaho, Aki"]
[Black "Paldanius, Pekka"]
[Result "0-1"]
[WhiteElo "2150"]
[BlackElo "2251"]
[PlyCount "94"]
[EventDate "2007.11.18"]
[EventType "team-tourn"]
[EventRounds "2"]
[EventCountry "FIN"]
[SourceTitle "EXT 2022"]
[Source "ChessBase"]
[SourceDate "2021.10.06"]
[SourceVersion "1"]
[SourceVersionDate "2021.10.06"]
[SourceQuality "1"]
[WhiteTeam "Raahe Li"]
[BlackTeam "Tampere Tammer II"]
[WhiteTeamCountry "FIN"]
[BlackTeamCountry "FIN"]

1. e4 e5 2. Nf3 Nc6 3. d4 exd4 4. Bc4 Bc5 5. c3 Nf6 6. cxd4 Bb4+ 7. Nc3 Nxe4 8. 0-0 Bxc3 9. d5 Ne5 10. Bb3 Nxf3+ 11. Qxf3 Bf6 12. Qxe4+ Qe7 13. Re1 Qxe4 14. Rxe4+ Kd8 15. d6 cxd6 16. Bf4 Be5 17. Bxe5 dxe5 18. Rxe5 f6 19. Re3 Re8 20. Rxe8+ Kxe8 21. Re1+ Kf8 22. Rc1 a5 23. f4 b6 24. Bd5 Rb8 25. Kf2 Ba6 26. Rc7 Ke7 27. Ra7 Bb5 28. Ke3 Kd6 29. Kd4 Bc6 30. Bxc6 Kxc6 31. Kd3 Re8 32. a3 Re1 33. Ra8 Rd1+ 34. Kc3 Rg1 35. Rh8 Rxg2 36. Rxh7 d5 37. b4 a4 38. Kd4 Kd6 39. b5 Rg4 40. Ke3 Kc5 41. Rh5 Rg1 42. Rh8 Ra1 43. Rc8+ Kxb5 44. Rc7 Rxa3+ 45. Kd4 Rf3 46. Rxg7 Rxf4+ 47. Kxd5 a3 0-1

[Event "FIN-chT1D 0809"]
[Site "Finland"]
[Date "2008.??.??"]
[Round "3.1"]
[White "Kauppila, Osmo"]
[Black "Paldanius, Pekka"]
[Result "0-1"]
[WhiteElo "2300"]
[BlackElo "2251"]
[PlyCount "94"]
[EventDate "2008.??.??"]
[EventType "team-tourn"]
[EventRounds "5"]
[EventCountry "FIN"]
[SourceTitle "EXT 2022"]
[Source "ChessBase"]
[SourceDate "2021.10.06"]
[SourceVersion "1"]
[SourceVersionDate "2021.10.06"]
[SourceQuality "1"]
[WhiteTeam "Raahe Li"]
[BlackTeam "Tampere Tammer II"]
[WhiteTeamCountry "FIN"]
[BlackTeamCountry "FIN"]

1. d4 d5 2. c4 e6 3. Nf3 Nf6 4. g3 dxc4 5. Bg2 c5 6. 0-0 Nc6 7. Ne5 Nxe5 8. dxe5 Nd7 9. f4 Be7 10. Na3 Nb6 11. Qc2 0-0 12. Rd1 Qe8 13. Bd2 Rb8 14. Ba5 Nd5 15. Nxc4 b5 16. Nd6 Bxd6 17. exd6 c4 18. Qd2 Bd7 19. e4 Nb6 20. b3 e5 21. Bc3 f6 22. fxe5 fxe5 23. Qg5 h6 24. Qxe5 Qg6 25. Rf1 Rfe8 26. Qd4 Bc6 27. Rf4 Rbd8 28. e5 Bxg2 29. Kxg2 Rd7 30. Ba5 cxb3 31. Bxb6 axb6 32. axb3 Qc2+ 33. Kg1 Qxb3 34. Rd1 Rxe5 35. Rf2 Qe3 36. Qg4 Rf7 37. Rdd2 Rxf2 38. Rxf2 Qc1+ 39. Kg2 Qc6+ 40. Kg1 Re1+ 41. Rf1 Rxf1+ 42. Kxf1 Qxd6 43. Kg2 b4 44. Qc4+ Kh8 45. h4 Qd2+ 46. Kh3 Qc3 47. Qe4 Qc8+ 0-1

[Event "FIN-chT1C 0607"]
[Site "Finland"]
[Date "2007.01.13"]
[Round "5.2"]
[White "Paldanius, Pekka"]
[Black "Putka, Verner"]
[Result "0-1"]
[WhiteElo "2248"]
[BlackElo "2283"]
[PlyCount "35"]
[EventDate "2006.09.16"]
[EventType "team-tourn"]
[EventRounds "7"]
[EventCountry "FIN"]
[SourceTitle "EXT 2009"]
[Source "ChessBase"]
[SourceDate "2008.11.26"]
[SourceVersion "1"]
[SourceVersionDate "2008.11.26"]
[SourceQuality "1"]
[WhiteTeam "Tampere Tammer II"]
[BlackTeam "Vammala SK"]
[WhiteTeamCountry "FIN"]
[BlackTeamCountry "FIN"]

1. Nf3 Nf6 2. c4 c5 3. Nc3 e6 4. e3 d5 5. d4 cxd4 6. exd4 Be7 7. Bg5 0-0 8. a3 Nc6 9. c5 Ne4 10. Bxe7 Qxe7 11. Qc2 Nxc3 12. Qxc3 e5 13. dxe5 Bg4 14. 0-0-0 d4 15. Qc2 Rac8 16. Kb1 Nxe5 17. Qe4 Qxc5 18. Be2 0-1

[Event "FIN-chT 0102"]
[Site "Finland"]
[Date "2002.03.16"]
[Round "8.7"]
[White "Porrasmaa, Timo"]
[Black "Paldanius, Pekka"]
[Result "1-0"]
[WhiteElo "2220"]
[BlackElo "2239"]
[PlyCount "125"]
[EventDate "2001.09.21"]
[EventType "team-tourn"]
[EventRounds "9"]
[EventCountry "FIN"]
[SourceTitle "EXT 2022"]
[Source "ChessBase"]
[SourceDate "2021.10.06"]
[SourceVersion "1"]
[SourceVersionDate "2021.10.06"]
[SourceQuality "1"]
[WhiteTeam "Joensuu SK"]
[BlackTeam "Tampere Taraus"]
[WhiteTeamCountry "FIN"]
[BlackTeamCountry "FIN"]

1. Nf3 Nf6 2. c4 g6 3. g3 Bg7 4. Bg2 0-0 5. 0-0 d6 6. Nc3 c5 7. a3 Nc6 8. Rb1 a5 9. Ne1 Be6 10. d3 Qd7 11. Nd5 Bxd5 12. cxd5 Nd4 13. a4 b5 14. e3 Nf5 15. axb5 Qxb5 16. Nc2 Qb3 17. Na3 a4 18. Nc4 Nd7 19. Qxb3 axb3 20. Bd2 Ne5 21. Nxe5 Bxe5 22. Rfc1 Ra2 23. Bc3 Bg7 24. Bf3 Bh6 25. Kf1 Rb8 26. Bd1 e5 27. dxe6 fxe6 28. Ra1 d5 29. Be5 Rb7 30. Rxa2 bxa2 31. Ra1 d4 32. exd4 cxd4 33. Rxa2 Bc1 34. g4 Rb5 35. Ra8+ Kf7 36. Ra7+ Kg8 37. Bf6 Nd6 38. Bxd4 Bxb2 39. Bxb2 Rxb2 40. Ra6 Rb1 41. Ke1 Nb5 42. Rb6 Nc3 43. Rxb1 Nxb1 44. Bb3 Kf7 45. g5 Nc3 46. Bc4 Na4 47. Ke2 Nb6 48. Ke3 Ke7 49. Bb3 Nc8 50. d4 Nd6 51. Bc2 Nf7 52. h4 Kd6 53. f4 Ke7 54. h5 gxh5 55. Bxh7 Nd6 56. Bd3 Kf7 57. Kf3 Ne8 58. Kg3 Nc7 59. Be4 Nb5 60. d5 Nc3 61. dxe6+ Kxe6 62. Bg6 Ne2+ 63. Kf3 1-0

[Event "FIN-chT 0102"]
[Site "Finland"]
[Date "2002.02.16"]
[Round "7.7"]
[White "Paldanius, Pekka"]
[Black "Topi Hulmi, Teemu"]
[Result "1-0"]
[WhiteElo "2239"]
[BlackElo "2115"]
[PlyCount "117"]
[EventDate "2001.09.21"]
[EventType "team-tourn"]
[EventRounds "9"]
[EventCountry "FIN"]
[SourceTitle "EXT 2022"]
[Source "ChessBase"]
[SourceDate "2021.10.06"]
[SourceVersion "1"]
[SourceVersionDate "2021.10.06"]
[SourceQuality "1"]
[WhiteTeam "Tampere Taraus"]
[BlackTeam "Turku TS"]
[WhiteTeamCountry "FIN"]
[BlackTeamCountry "FIN"]

1. d4 d5 2. c4 c6 3. Nf3 Nf6 4. e3 Bf5 5. Nc3 e6 6. Be2 Nbd7 7. Nh4 Bg6 8. Bd2 Be7 9. Nxg6 hxg6 10. Qc2 Qc7 11. h3 0-0 12. Rc1 Rac8 13. 0-0 dxc4 14. Bxc4 c5 15. d5 exd5 16. Nxd5 Nxd5 17. Bxd5 Qb6 18. Rfd1 Nf6 19. Bc4 Nh7 20. b3 Qc6 21. a4 a6 22. a5 Rfd8 23. e4 Nf6 24. Bg5 Qc7 25. f4 Nh5 26. e5 Bxg5 27. fxg5 Nf4 28. Qe4 Ne6 29. Bxe6 fxe6 30. Qxg6 Qxe5 31. Re1 Qd4+ 32. Kh1 Qf4 33. Qxe6+ Kh8 34. Rc4 Qxg5 35. Rg4 Qh6 36. Qe7 Qf6 37. Qxb7 Re8 38. Rge4 Rf8 39. Re6 Qf2 40. Qxa6 Rb8 41. Qc4 Rb4 42. Qd5 Rbf4 43. Qh5+ Kg8 44. Re8 R4f5 45. Rxf8+ Rxf8 46. Qe2 Qxe2 47. Rxe2 Rf1+ 48. Kh2 Ra1 49. Re5 Ra3 50. Rxc5 Rxb3 51. a6 Ra3 52. Rc6 Kf7 53. h4 Ra4 54. Kh3 Ra1 55. g3 Ra4 56. h5 Ra5 57. Kh4 Ra4+ 58. g4 Ra5 59. Rb6 1-0

[Event "Tampere Taraus op"]
[Site "Tampere"]
[Date "2002.??.??"]
[Round "8"]
[White "Satonen, Arto"]
[Black "Paldanius, Pekka"]
[Result "0-1"]
[WhiteElo "2195"]
[BlackElo "2252"]
[PlyCount "64"]
[EventDate "2002.03.??"]
[EventType "swiss"]
[EventRounds "9"]
[EventCountry "FIN"]
[SourceTitle "EXT 2004"]
[Source "ChessBase"]
[SourceDate "2003.11.25"]
[SourceVersion "1"]
[SourceVersionDate "2003.11.25"]
[SourceQuality "1"]

1. e4 e5 2. Nf3 Nc6 3. Bc4 Nf6 4. d3 Bc5 5. Bg5 h6 6. Bh4 d6 7. c3 0-0 8. Nbd2 a6 9. b4 Ba7 10. Qb3 Ne7 11. d4 Ng6 12. Bg3 Qe7 13. dxe5 dxe5 14. 0-0 Nh5 15. Kh1 c6 16. Qc2 b5 17. Bb3 Nhf4 18. Bxf4 Nxf4 19. g3 Nh3 20. Kg2 Ng5 21. Nxg5 hxg5 22. h3 g6 23. Nf3 Kg7 24. Qd2 g4 25. hxg4 Bxg4 26. Rh1 Rh8 27. Nh4 Rad8 28. Qe1 Qf6 29. f3 Rxh4 30. fxg4 Rxh1 31. g5 Qxg5 32. Kxh1 Rd2 0-1

[Event "FIN-chT 0102"]
[Site "Finland"]
[Date "2001.09.21"]
[Round "1.7"]
[White "Salimaki, Janne"]
[Black "Paldanius, Pekka"]
[Result "1/2-1/2"]
[WhiteElo "2218"]
[BlackElo "2239"]
[PlyCount "78"]
[EventDate "2001.09.21"]
[EventType "team-tourn"]
[EventRounds "9"]
[EventCountry "FIN"]
[SourceTitle "EXT 2022"]
[Source "ChessBase"]
[SourceDate "2021.10.06"]
[SourceVersion "1"]
[SourceVersionDate "2021.10.06"]
[SourceQuality "1"]
[WhiteTeam "Espoo MatSK"]
[BlackTeam "Tampere Taraus"]
[WhiteTeamCountry "FIN"]
[BlackTeamCountry "FIN"]

1. e4 e5 2. Nf3 Nc6 3. Nc3 Bb4 4. Nd5 Be7 5. Bc4 Nf6 6. 0-0 d6 7. Re1 0-0 8. c3 Bg4 9. a4 Qd7 10. a5 a6 11. d3 Bd8 12. Ne3 Be6 13. Qb3 Rb8 14. d4 Bxc4 15. Nxc4 Re8 16. d5 Ne7 17. Be3 Nxe4 18. Ba7 Ra8 19. Qxb7 Qc8 20. Qxc8 Nxc8 21. Rxe4 Rxa7 22. Nd4 Rb7 23. Nc6 Ne7 24. Nxe7+ Bxe7 25. b4 f5 26. Re2 Bf6 27. Rb1 e4 28. Rc2 g6 29. Kf1 Kf7 30. Na3 Reb8 31. Nc4 Ke7 32. Rd1 Kd7 33. Nd2 Re8 34. Ke2 Rbb8 35. Nc4 Rf8 36. Rb1 Rb5 37. Rd1 Rbb8 38. Rb1 Rb5 39. Rd1 Rbb8 1/2-1/2

[Event "Helsinki op 4th"]
[Site "Helsinki"]
[Date "2001.??.??"]
[Round "4"]
[White "Paldanius, Pekka"]
[Black "Pirttimaki, Timo"]
[Result "1/2-1/2"]
[WhiteElo "2238"]
[BlackElo "2257"]
[PlyCount "49"]
[EventDate "2001.??.??"]
[EventType "swiss"]
[EventRounds "7"]
[EventCountry "FIN"]
[SourceTitle "CBM 085 Extra"]
[Source "ChessBase"]
[SourceDate "2002.01.21"]
[SourceVersion "1"]
[SourceVersionDate "2002.01.21"]
[SourceQuality "1"]

1. Nf3 c5 2. c4 Nc6 3. e3 Nf6 4. d4 cxd4 5. exd4 d5 6. Nc3 e6 7. Bd3 dxc4 8. Bxc4 Be7 9. 0-0 0-0 10. Bg5 b6 11. Qd2 Bb7 12. Rad1 Na5 13. Be2 Rc8 14. Bxf6 Bxf6 15. Ne5 g6 16. f4 Be7 17. Bf3 Bb4 18. Qd3 Bxc3 19. bxc3 Qc7 20. Bxb7 Qxb7 21. Rfe1 Qd5 22. Ng4 Qc4 23. Qe3 Nc6 24. f5 exf5 25. Nf6+ 1/2-1/2